000 00549cam a2200157K 4500
082 0 4 _a940.1
_bTOU
100 1 _aTout, T. F.
_950621
245 1 4 _aThe empire and the papacy
_b918-1273,
_cby T.F. Tout.
260 _aLondon,
_bRivingtons,
_c1909.
300 _a1 online resource (vii, [1], 526 p.)
_billus. (maps, geneal. tables)
490 0 _aPeriods of European history Period II
526 _a0
_b0
_c0
_d940_100000000000000_TOU
650 0 _aPapacy.
_950622
856 4 0 _uhttp://catalog.hathitrust.org/api/volumes/oclc/6681837.html
942 _2ddc
_cBK
999 _c553375
_d553375